Born in Knoxville/Tennessee - Statistics

General Stats
  • This quiz has been taken 45 times
    21 since last reset
  • The average score is 5 of 11
Answer Stats
Hint Answer % Correct
Director, "Pulp Fiction" "Django Unchained" "Inglourious Basterds" "Once Upon a Time in Hollywood" 1963 Quentin Tarantino
80%
Stunt performer, actor and co-creator of "Jackass" 1971 Johnny Knoxville
73%
Governor of Tennessee from 2011 to 2019 1958 Bill Haslam
60%
Owner of the Cleveland Browns 1954 Jimmy Haslam
60%
Hall of Fame first baseman who played his entire career for the Colorado Rockies 1973 Todd Helton
53%
Head coach of the Minnesota Vikings since 2022 1985 Kevin O'Connell
33%
Actress known for her role as Joan Harris in "Mad Men" 1975 Christina Hendricks
27%
Country music singer, "Watching You" "Farmer's Daughter" 1969 Rodney Atkins
27%
Actress, "Priscilla" "Civil War" "Alien: Romulus" 1998 Cailee Spaeny
13%
Actor, "Lizzie McGuire" "A.I. Artificial Inteligence" 1990 Jake Thomas
13%
Wrestler who is widely regarded as one of the greatest professional wrestlers of all time 1980 Randy Orton
13%
No matching quizzes found
Score Distribution
Percent of People with Each Score
Percentile by Number Answered
Your Score History
You have not taken this quiz since the last reset